| 000 | 00520nam a22001577a 4500 | ||
|---|---|---|---|
| 999 |
_c534200 _d534200 |
||
| 020 | _qHard Cover. | ||
| 082 | _a620.11 | ||
| 100 | _aKhattak,Farrukh Naveed | ||
| 245 |
_aDehydration of Hydrazine Hydrate by Pervaporation / _cFarrukh Naveed Khattak. |
||
| 260 |
_aIslamabad: _bSCME - NUST, _c2014. |
||
| 300 |
_a61 p. : _bill. ; _c30cm. |
||
| 942 |
_2ddc _cTHE |
||
| 650 |
_aEnergatic Materials Engineering MS-Thesis. _928343 |
||
| 700 |
_aDr. Arshad Hussain _916435 |
||